[Event "THA-chT"]
[Site "Bangkok"]
[Date "2015.12.06"]
[Round "5.1"]
[White "Singhsilarak, Tisadee"]
[Black "Arunnuntapanich, Tinnakrit"]
[Result "0-1"]
[WhiteElo "1871"]
[BlackElo "2017"]
[PlyCount "119"]
[EventDate "2015.12.04"]
[EventType "team-swiss"]
[EventRounds "9"]
[EventCountry "THA"]
[SourceTitle "CBM 170 Extra"]
[Source "ChessBase"]
[SourceDate "2016.02.25"]
[SourceVersion "1"]
[SourceVersionDate "2016.02.25"]
[SourceQuality "1"]
[WhiteTeam "East Bangapi"]
[BlackTeam "Chulalongkorn Univ"]
[WhiteTeamCountry "THA"]
[BlackTeamCountry "THA"]

1. d4 Nf6 2. Nf3 d5 3. g3 e6 4. c3 Nbd7 5. Bg5 h6 6. Bxf6 Nxf6 7. Bg2 c5 8. e3 Qb6 9. Qb3 Qxb3 10. axb3 cxd4 11. exd4 Bd6 12. 0-0 Bd7 13. Re1 Bb5 14. Bf1 Bxf1 15. Kxf1 0-0 16. Nbd2 a6 17. b4 Nd7 18. Nb3 b6 19. Ra2 Ra7 20. Rea1 Nb8 21. Nc1 Rc7 22. Nd3 f6 23. Re1 Kf7 24. Nh4 g5 25. Ng2 Ke7 26. Kg1 Kd7 27. f4 f5 28. Raa1 Rcc8 29. Re2 Rc7 30. Kf2 Kc6 31. Nge1 g4 32. Nc2 h5 33. Ne5+ Bxe5 34. dxe5 h4 35. Nd4+ Kb7 36. b5 Rh8 37. b3 hxg3+ 38. hxg3 Rh2+ 39. Ke3 Rh3 40. Rg2 Re7 41. b4 axb5 42. Nxb5 Nc6 43. Nd6+ Kb8 44. Ra6 Ra7 45. Rxb6+ Kc7 46. Rb5 d4+ 47. Kd3 dxc3 48. Rc5 Kd7 49. b5 Nb4+ 50. Kxc3 Nd5+ 51. Kb3 Ra1 52. Nc4 Rb1+ 53. Nb2 Rf1 54. Nc4 Rxf4 55. Ka4 Rh1 56. Ra2 Nc3+ 57. Ka5 Nxa2 58. b6 Nc3 59. Ka6 Kd8 60. b7 0-1

[Event "THA-chT"]
[Site "Bangkok"]
[Date "2015.12.05"]
[Round "3.1"]
[White "Singhsilarak, Tisadee"]
[Black "Causo, Deniel"]
[Result "0-1"]
[WhiteElo "1871"]
[BlackElo "2301"]
[PlyCount "91"]
[EventDate "2015.12.04"]
[EventType "team-swiss"]
[EventRounds "9"]
[EventCountry "THA"]
[SourceTitle "EXT 2017"]
[Source "ChessBase"]
[SourceDate "2016.10.25"]
[SourceVersion "1"]
[SourceVersionDate "2016.10.25"]
[SourceQuality "1"]
[WhiteTeam "East Bangapi"]
[BlackTeam "IWICA"]
[WhiteTeamCountry "THA"]
[BlackTeamCountry "THA"]

1. d4 d5 2. Nf3 Nf6 3. c3 c6 4. g3 Bf5 5. Bg2 e6 6. Bg5 Nbd7 7. 0-0 h6 8. Bxf6 Nxf6 9. Nbd2 Be7 10. Re1 Qb6 11. Qb3 0-0 12. Ne5 Rad8 13. Qxb6 axb6 14. e4 dxe4 15. Nxe4 Nxe4 16. Bxe4 Bxe4 17. Rxe4 c5 18. Nf3 Bf6 19. dxc5 bxc5 20. Re2 b5 21. Nd2 b4 22. Ne4 Be7 23. c4 Rd4 24. b3 Rfd8 25. f3 f5 26. Nf2 Rd2 27. Rae1 Bf6 28. Kf1 Kf7 29. Rxd2 Rxd2 30. Re2 Rd6 31. Ke1 Bc3+ 32. Kf1 g5 33. h3 h5 34. Kg2 Kf6 35. Rc2 Bd4 36. Rd2 Ra6 37. Kf1 Be3 38. Re2 Bxf2 39. Kxf2 Rd6 40. f4 gxf4 41. gxf4 Rd3 42. Re3 Rxe3 43. Kxe3 e5 44. h4 Ke6 45. Ke2 exf4 46. Kf2 0-1

[Event "THA-chT"]
[Site "Bangkok"]
[Date "2015.12.04"]
[Round "2.1"]
[White "Lertwiram, Apichat"]
[Black "Singhsilarak, Tisadee"]
[Result "1/2-1/2"]
[WhiteElo "1775"]
[BlackElo "1871"]
[PlyCount "76"]
[EventDate "2015.12.04"]
[EventType "team-swiss"]
[EventRounds "9"]
[EventCountry "THA"]
[SourceTitle "EXT 2017"]
[Source "ChessBase"]
[SourceDate "2016.10.25"]
[SourceVersion "1"]
[SourceVersionDate "2016.10.25"]
[SourceQuality "1"]
[WhiteTeam "Chiang Mai II"]
[BlackTeam "East Bangapi"]
[WhiteTeamCountry "THA"]
[BlackTeamCountry "THA"]

1. e4 c6 2. d4 d5 3. Nc3 dxe4 4. Nxe4 Bf5 5. Ng3 Bg6 6. Nf3 h6 7. Bd3 Bxd3 8. Qxd3 e6 9. 0-0 Be7 10. Be3 Nd7 11. c4 Ngf6 12. h3 0-0 13. Rfd1 Nb6 14. Rac1 Nh7 15. Qb3 Ng5 16. Nxg5 Bxg5 17. Bxg5 Qxg5 18. c5 Nd5 19. Qxb7 Rab8 20. Qxc6 Rxb2 21. Qa4 Qf4 22. Nh1 Rb4 23. Qxa7 Rxd4 24. Qa3 Ra4 25. Qg3 Qxg3 26. Nxg3 Rxa2 27. Ne4 Rc8 28. Rd4 Rc6 29. Rdc4 Ra5 30. Nd2 Rb5 31. Nf3 Rb8 32. Nd4 Rc7 33. g3 Kf8 34. f4 Rb4 35. Kf2 Ke7 36. Rxb4 Nxb4 37. Ke3 Nc6 38. Nxc6+ Rxc6 1/2-1/2